Latin Artists by Picture 3 - Statistics

General Stats
  • This quiz has been taken 11 times
  • The average score is 12 of 20
Answer Stats
Picture Answer % Correct
Arcangel
88%
Young Miko
88%
Cazzu
75%
Justin Quiles
75%
Brray
63%
Darell
63%
Dei V
63%
De La Ghetto
63%
Hades66
63%
Jowell
63%
Manuel Turizo
63%
Ñengo Flow
63%
Randy
63%
Tokischa
63%
Brytiago
50%
Natanael Cano
50%
Emilia Mernes
38%
Kevvo
38%
Alexis
13%
Fido
13%
No matching quizzes found
Score Distribution
Percent of People with Each Score
Percentile by Number Answered
Your Score History
You have not taken this quiz